U.S. States with the Most Foreign-Born Residents - Statistics

General Stats
  • This quiz has been taken 15,095 times
    1,681 since last reset
  • The average score is 8 of 10
Answer Stats
% State % Correct
27.0 California
99%
22.6 New York
99%
19.9 Florida
96%
16.7 Texas
96%
21.8 New Jersey
79%
15.8 Massachusetts
73%
17.9 Hawaii
70%
14.7 Maryland
63%
19.3 Nevada
62%
14.0 Connecticut
57%
No matching quizzes found
Score Distribution
Percent of People with Each Score
Percentile by Number Answered
Your Score History
You have not taken this quiz since the last reset